Statistiques concernant Les plus gros transferts du football - Attaquants

Cliquez ici pour prendre le quiz!

Statistiques générales

  • Ce quiz a été pris 152 fois
  • Le résultat moyen est 10 sur 10

Statistiques - réponses

Montant de transfert (M €)SaisonNationalitéVenant deAllant àJoueur% Correct
117,002018-2019PortugalReal MadridJuventus TurinCristiano Ronaldo
100%
180,002018-2019FranceAS MonacoParis SGKylian Mbappé
100%
120,002019-2020FranceAtlético MadridBarceloneAntoine Griezmann
99%
222,002017-2018BrésilBarceloneParis SGNeymar
99%
135,002017-2018FranceBorussia DortmundBarceloneOusmane Dembélé
99%
115,002019-2020BelgiqueChelseaReal MadridEden Hazard
98%
101,002013-2014Pays de GallesTottenhamReal MadridGareth Bale
97%
113,002021-2022BelgiqueInterChelseaRomelu Lukaku
97%
127,202019-2020PortugalBenficaAtlético MadridJoão Félix
94%
117,502021-2022AngleterreAston VillaManchester CityJack Grealish
89%

Distribution des résultats

Percentile par nombre de réponses

% des personnes avec chaque résultat

Votre développement - résultats

Vous n’avez pas pris ce quiz